[Event "Mechanics' Fall TNM; G/2 d5"]
[Site "San Francisco"]
[Date "2017.12.12"]
[Round "8.7"]
[White "Kuczek, Kevin W"]
[Black "Askin, Michael"]
[Result "0-1"]
[WhiteElo "1883"]
[BlackElo "1992"]
[Annotator "Donaldson"]
[PlyCount "66"]
[EventDate "2017.??.??"]

1. e4 c5 2. Nc3 Nc6 3. f4 g6 4. Bc4 Bg7 5. Nf3 e6 6. d3 d6 7. O-O Nge7 8. Qe1
O-O 9. Qh4 d5 10. Bb3 Nd4 11. f5 exf5 12. Bg5 f6 13. Bh6 fxe4 14. Bxg7 Kxg7 15.
dxe4 Nxf3+ 16. Rxf3 c4 17. Ba4 a6 18. Raf1 Be6 19. exd5 (19. Rxf6 Ng8 $1) 19...
Nxd5 20. Nxd5 Bxd5 21. Rh3 Bg8 (21... h5) 22. Qh6+ Kh8 23. c3 Qb6+ 24. Kh1 f5
25. Re3 Qf6 (25... Qxb2) 26. Rfe1 f4 27. Rh3 b5 28. Bc2 Rae8 29. Rf1 Qg7 (29...
Re2 30. Bxg6 Re6 31. Rhf3 {
is still winning for Black but unncessarily complicated.}) 30. Bxg6 (30. Qxg6
Re2) 30... Qxh6 31. Bxe8 Qg5 32. Rh5 Qe7 33. Bc6 Qe2 0-1

[Event "Mechanics' Peter Grey TNM; G/2 d5"]
[Site "San Francisco"]
[Date "2017.09.26"]
[Round "8.11"]
[White "Kuczek, Kevin W"]
[Black "Askin, Michael"]
[Result "1-0"]
[WhiteElo "1826"]
[BlackElo "2026"]
[PlyCount "97"]
[EventDate "2017.??.??"]

1. e4 c6 2. d4 d5 3. Nc3 dxe4 4. Nxe4 Bf5 5. Ng3 Bg6 6. h4 h6 7. Nf3 Nd7 8. h5
Bh7 9. Bd3 Bxd3 10. Qxd3 e6 11. Bd2 Ngf6 12. O-O-O Be7 13. Ne4 Nxe4 14. Qxe4
Nf6 15. Qd3 Ng4 16. Qe2 O-O 17. Ne5 Nxe5 18. dxe5 Qb6 19. g4 Rad8 20. f4 Rd5
21. c4 Rd4 22. Be3 Re4 23. Bxb6 Rxe2 24. Bc7 Bc5 25. Rhf1 Rg2 26. Rd7 Be3+ 27.
Kb1 f6 28. exf6 Rxf6 29. Be5 Rf7 30. Rxf7 Kxf7 31. g5 Rf2 32. g6+ Kf8 33. Rxf2
Bxf2 34. Kc2 c5 35. Kd3 a6 36. a4 Bg1 37. Ke4 Bf2 38. b3 Bg1 39. f5 exf5+ 40.
Kxf5 Bd4 41. Bxd4 cxd4 42. Ke4 d3 43. Kxd3 Ke7 44. Ke4 Ke6 45. b4 Kd6 46. Kf5
Kd7 47. Ke5 Ke7 48. c5 Kd7 49. Kd5 1-0

[Event "Mechanics' Summer TNM; G/2 d5"]
[Site "San Francisco"]
[Date "2017.05.30"]
[Round "2.8"]
[White "Kuczek, Kevin W"]
[Black "Bayaraa, Chinguun"]
[Result "1-0"]
[WhiteElo "1789"]
[BlackElo "2161"]
[Annotator "Donaldson"]
[PlyCount "74"]
[EventDate "2017.??.??"]

1. e4 c5 2. Nc3 d6 3. f4 g6 4. Bc4 Bg7 5. Nf3 e6 6. d3 (6. d4 cxd4 7. Nxd4 Ne7)
6... Ne7 7. O-O Nbc6 8. Qe1 O-O 9. Qh4 Nd4 10. Nxd4 (10. f5 gxf5 (10... exf5 $2
11. Bg5) 11. Nxd4 Ng6 12. Qxd8 Bxd4+ 13. Kh1 Rxd8 14. exf5 $11) 10... Bxd4+ 11.
Kh1 Nc6 12. Qg3 Bg7 13. f5 exf5 (13... Be5) 14. exf5 Kh8 (14... Bxf5 15. Rxf5
gxf5 16. Bg5 f4 17. Qg4 (17. Qxf4 Qe8 18. Rf1)) 15. fxg6 fxg6 16. Bg5 Qe8 17.
Qxd6 Rxf1+ 18. Rxf1 Bf5 19. Bf6 $1 Qf8 (19... Bxf6 $4 20. Qxf6#) 20. Bxg7+ Kxg7
21. Qc7+ Qe7 22. Qxe7+ Nxe7 23. g4 Bxg4 24. Rf7+ Kh6 25. Rxe7 Rf8 26. Kg2 Bf3+
27. Kg1 Rf5 28. Ne4 g5 29. Rf7 Bxe4 30. dxe4 Re5 31. Bd5 Kh5 32. Rxh7+ Kg4 33.
Rxb7 Re8 34. Rxa7 Rf8 35. Be6+ Kf3 36. Rf7+ Rxf7 37. Bxf7 Kxe4 1-0

[Event "Mechanics' Winter TNM; G/2"]
[Site "San Francisco"]
[Date "2017.01.17"]
[Round "3.27"]
[White "Kuczek, Kevin W"]
[Black "Bayaraa, Timothy"]
[Result "1-0"]
[WhiteElo "1799"]
[BlackElo "591"]
[Annotator "Donaldson"]
[PlyCount "63"]
[EventDate "2017.??.??"]

1. e4 e5 2. Nf3 Nc6 3. d4 exd4 4. Nxd4 Nf6 5. Nxc6 bxc6 6. e5 Nd5 (6... Qe7 7.
Qe2 Nd5) 7. c4 Bb4+ 8. Bd2 Bxd2+ 9. Nxd2 Nf4 10. g3 Ng6 11. f4 d6 12. exd6 cxd6
13. Qe2+ Ne7 14. O-O-O O-O 15. Kb1 Ba6 16. Qg4 f5 17. Qe2 d5 18. Qe6+ Kh8 19.
cxd5 Bxf1 20. Rhxf1 Re8 21. dxc6 Rc8 22. Nc4 Qc7 23. Rfe1 Qxc6 24. Qxc6 Rxc6
25. Rxe7 Rf8 26. Ne5 Rcc8 27. Rdd7 h5 28. Ng6+ Kh7 29. Nxf8+ Rxf8 30. Rxg7+ Kh8
31. Rh7+ Kg8 32. Rdg7# 1-0

[Event "Mechanics' Winter TNM; G/2"]
[Site "San Francisco"]
[Date "2017.01.31"]
[Round "5.24"]
[White "Kuczek, Kevin W"]
[Black "Brown, Nicholas M"]
[Result "1/2-1/2"]
[WhiteElo "1799"]
[BlackElo "1528"]
[PlyCount "53"]
[EventDate "2017.??.??"]

1. e4 c6 2. d4 d5 3. Nc3 dxe4 4. Nxe4 Nd7 5. Nf3 Ngf6 6. Ng3 e6 7. Bd3 c5 8. c3
Be7 9. Be3 O-O 10. O-O b6 11. Qc2 Bb7 12. Ng5 g6 13. Rad1 Nd5 14. Nf3 Nxe3 15.
fxe3 Bxf3 16. Rxf3 cxd4 17. exd4 Rc8 18. Qe2 Nf6 19. Rdf1 Nd5 20. Rxf7 Rxf7 21.
Qxe6 Nf6 22. Ne4 Kg7 23. Ng5 Rf8 24. Qh3 Qd5 25. Ne6+ Kg8 26. Nxf8 Rxf8 27. Qe3
1/2-1/2

[Event "Mechanics' Fall TNM; G/2 d5"]
[Site "San Francisco"]
[Date "2017.11.07"]
[Round "3.21"]
[White "Kuczek, Kevin W"]
[Black "Casares Jr, Nick"]
[Result "1-0"]
[WhiteElo "1883"]
[BlackElo "1600"]
[PlyCount "95"]
[EventDate "2017.??.??"]

1. e4 e5 2. Nf3 Nc6 3. d4 exd4 4. Nxd4 Bc5 5. Be3 Qf6 6. c3 Nge7 7. Bc4 d6 8.
O-O a6 9. Nxc6 Nxc6 10. Bxc5 dxc5 11. Nd2 Ne5 12. Be2 b5 13. f4 Ng6 14. e5 Qe7
15. Bf3 Rb8 16. Bc6+ Bd7 17. Qf3 O-O 18. Bxd7 Qxd7 19. Ne4 Qe7 20. Qf2 c4 21.
Rad1 Rfe8 22. f5 Nxe5 23. f6 Qf8 24. fxg7 Qxg7 25. Nf6+ Kh8 26. Nxe8 Rxe8 27.
Qf6 Ng4 28. Qxf7 Qe5 29. Qf4 Qxf4 30. Rxf4 Nh6 31. Kf2 Re7 32. Re1 Rd7 33. Re2
Kg7 34. h3 Nf7 35. Rfe4 Kf6 36. Re6+ Kg7 37. Re7 Rd3 38. Rxc7 Kf6 39. Rc6+ Rd6
40. Rxd6+ Nxd6 41. g4 a5 42. Kf3 h6 43. Kf4 b4 44. Re5 a4 45. a3 bxc3 46. bxc3
Nc8 47. Ra5 Nb6 48. Ra6 1-0

[Event "Mechanics' Winter TNM; G/2"]
[Site "San Francisco"]
[Date "2017.01.03"]
[Round "1.28"]
[White "Kuczek, Kevin W"]
[Black "Cowgill, Jackie"]
[Result "1-0"]
[WhiteElo "1799"]
[BlackElo "914"]
[PlyCount "43"]
[EventDate "2017.??.??"]

1. e4 e5 2. Nf3 Nc6 3. d4 exd4 4. Nxd4 d6 5. Bb5 Bd7 6. Bxc6 bxc6 7. Nc3 Nf6 8.
O-O Be7 9. h3 O-O 10. b3 Re8 11. Bb2 a6 12. a4 Qc8 13. Qd3 c5 14. Nde2 Bc6 15.
Ng3 h5 16. Nd5 Bxd5 17. exd5 Qb7 18. Rad1 h4 19. Nf5 Bf8 20. Bxf6 gxf6 21. Qf3
Be7 22. Qg4+ 1-0

[Event "Mechanics' Fall TNM; G/2 d5"]
[Site "San Francisco"]
[Date "2017.12.19"]
[Round "9.10"]
[White "Kuczek, Kevin W"]
[Black "Davila, Carlos"]
[Result "0-1"]
[WhiteElo "1883"]
[BlackElo "2131"]
[PlyCount "98"]
[EventDate "2017.??.??"]

1. e4 c6 2. d4 d5 3. Nc3 dxe4 4. Nxe4 Bf5 5. Ng3 Bg6 6. h4 h6 7. Nf3 Nd7 8. h5
Bh7 9. Bd3 Bxd3 10. Qxd3 Ngf6 11. Bd2 e6 12. O-O-O Be7 13. Ne4 O-O 14. Be3 a5
15. Ne5 Nxe5 16. dxe5 Qxd3 17. cxd3 Nd5 18. Bc5 Bxc5 19. Nxc5 b5 20. g4 a4 21.
g5 a3 22. gxh6 gxh6 23. Rhg1+ Kh8 24. Rg4 Rg8 25. Rdg1 Nf4 26. Rxg8+ Rxg8 27.
Rxg8+ Kxg8 28. bxa3 Nxh5 29. a4 bxa4 30. Nxa4 Nf4 31. Kd2 Nd5 32. Nc5 h5 33. a4
Kf8 34. Nd7+ (34. a5 $1 $16) 34... Ke7 35. Nf6 h4 36. Ng4 Kd7 37. d4 Kc7 38.
Kd3 Kb6 39. Kc4 Ka5 40. Kc5 Nb4 41. Kd6 Kxa4 42. Kc5 Kb3 43. f4 Kc3 44. Nf2
Nd3+ 45. Kxc6 Nxf2 46. d5 exd5 47. f5 h3 48. e6 fxe6 49. f6 Ng4 0-1

[Event "Mechanics' Fall TNM; G/2 d5"]
[Site "San Francisco"]
[Date "2017.11.28"]
[Round "6.5"]
[White "Kuczek, Kevin W"]
[Black "Koepcke, Richard W"]
[Result "1/2-1/2"]
[WhiteElo "1883"]
[BlackElo "2200"]
[PlyCount "79"]
[EventDate "2017.??.??"]

1. e4 c6 2. d4 d5 3. Nc3 dxe4 4. Nxe4 Nd7 5. Nf3 Ngf6 6. Ng3 e6 7. Bd3 c5 8.
O-O Be7 9. b3 O-O 10. Bb2 Re8 11. c4 cxd4 12. Nxd4 a6 13. Qc2 Qc7 14. Rad1 b6
15. Nf3 Bb7 16. Ne4 Nxe4 17. Bxe4 Bxe4 18. Qxe4 Bf6 19. Bxf6 Nxf6 20. Qe5 Rec8
21. Qxc7 Rxc7 22. Rd6 b5 23. Rfd1 Kf8 24. Ne5 bxc4 25. bxc4 Ne8 26. R6d4 f6 27.
Nd7+ Ke7 28. Nb6 Raa7 29. Rd8 Rab7 30. Nc8+ Kf7 31. Rxe8 Kxe8 32. Nd6+ Ke7 33.
Nxb7 Rxb7 34. c5 Rb5 35. c6 Rd5 36. Rc1 Kd8 37. c7+ Kc8 38. Kf1 Rd2 39. Rc6
Rxa2 40. Rxe6 1/2-1/2

[Event "Mechanics' Spring TNM; G/2"]
[Site "San Francisco"]
[Date "2017.04.11"]
[Round "5.15"]
[White "Kuczek, Kevin W"]
[Black "Kondakov, Adrian"]
[Result "0-1"]
[WhiteElo "1799"]
[BlackElo "1921"]
[PlyCount "84"]
[EventDate "2017.??.??"]

1. e4 e6 2. d4 d5 3. exd5 exd5 4. c4 Nf6 5. Nc3 c6 6. Bd3 Be7 7. Nf3 O-O 8.
cxd5 Nxd5 9. O-O Be6 10. Be3 Nd7 11. a3 N7b6 12. Qc2 h6 13. Rfe1 Nxe3 14. fxe3
Rc8 15. Rad1 Nd5 16. Nxd5 cxd5 17. Qe2 Re8 18. e4 Bf8 19. e5 g6 20. Rc1 Qb6 21.
h3 Rc7 22. Rxc7 Qxc7 23. Qf2 Rc8 24. Rf1 Qb6 25. Qg3 Kh7 26. Qh4 Kg8 27. Qg3
Bg7 28. Qf2 Qb3 29. Qd2 Bd7 30. Nh4 Bb5 31. Bxb5 Qxb5 32. e6 fxe6 33. Nxg6 Kh7
34. Nf4 Qb6 35. Ne2 e5 36. Rf7 Kg8 37. Rf3 e4 38. Rg3 Kh8 39. Kh1 Qf6 40. Nf4
Qxd4 41. Ng6+ Kh7 42. Qf4 Qf6 0-1

[Event "Mechanics' Spring TNM; G/2"]
[Site "San Francisco"]
[Date "2017.03.28"]
[Round "3.13"]
[White "Kuczek, Kevin W"]
[Black "Murray, Adam"]
[Result "1-0"]
[WhiteElo "1799"]
[BlackElo "2044"]
[PlyCount "67"]
[EventDate "2017.??.??"]

1. e4 c5 2. Nc3 a6 3. a4 Nc6 4. f4 g6 5. Bc4 Bg7 6. d3 Nd4 7. Nf3 Rb8 8. O-O b5
9. axb5 axb5 10. Ba2 e6 11. f5 gxf5 12. exf5 Nxf5 13. Ng5 Nfh6 14. Nce4 d5 15.
Ng3 Rb7 16. Qf3 Bd4+ 17. Kh1 f6 18. Qh5+ Nf7 19. Nf3 Be5 20. Nxe5 fxe5 21. Be3
d4 22. Bd2 Nf6 23. Qf3 Nd5 24. Ne4 Nd6 25. Qh5+ Kd7 26. Nxc5+ Kc6 27. Nxb7 Bxb7
28. Qxe5 Rg8 29. Bxd5+ exd5 30. Rf6 Rg6 31. Raf1 Kc5 32. b4+ Kc6 33. Rxg6 hxg6
34. Rf6 1-0

[Event "Mechanics' Winter TNM; G/2"]
[Site "San Francisco"]
[Date "2017.02.14"]
[Round "7.21"]
[White "Kuczek, Kevin W"]
[Black "Simpkins, Jerry"]
[Result "1-0"]
[WhiteElo "1799"]
[BlackElo "1513"]
[PlyCount "75"]
[EventDate "2017.??.??"]

1. e4 e5 2. Nf3 f5 3. Nxe5 Qf6 4. Nc4 fxe4 5. Nc3 Qg6 6. d3 Nf6 7. dxe4 Bb4 8.
f3 O-O 9. Ne5 Qe8 10. Bc4+ d5 11. Bxd5+ Nxd5 12. Qxd5+ Be6 13. Qxb7 Bxc3+ 14.
bxc3 Nd7 15. Nxd7 Qxd7 16. Qa6 Qf7 17. Be3 Bc4 18. Qa5 Rfd8 19. Kf2 Rd6 20.
Rhd1 Ra6 21. Qg5 h6 22. Qc5 Rb8 23. Rd4 Ra4 24. Rad1 Rb2 25. R1d2 Rb1 26. Rd8+
Kh7 27. Qf5+ Qxf5 28. exf5 Rf1+ 29. Kg3 Rxa2 30. R8d7 c5 31. Bxc5 Ra5 32. Bd4
Rd5 33. Rxg7+ Kh8 34. Rc7+ Rxd4 35. Rxd4 Bg8 36. Rd8 Re1 37. Rxa7 Re5 38. Raa8
1-0

[Event "Mechanics' Summer TNM; G/2 d5"]
[Site "San Francisco"]
[Date "2017.06.20"]
[Round "5.29"]
[White "Kuczek, Kevin W"]
[Black "Tuck, Drew"]
[Result "1-0"]
[WhiteElo "1789"]
[BlackElo "1607"]
[PlyCount "101"]
[EventDate "2017.??.??"]

1. e4 e5 2. Nf3 Nc6 3. d4 exd4 4. Nxd4 Bb4+ 5. c3 Bc5 6. Be3 Bb6 7. Nd2 Nge7 8.
N2f3 O-O 9. Bd3 d5 10. O-O Bg4 11. h3 Bh5 12. Nxc6 Nxc6 13. exd5 Ne5 14. Be2
Qf6 15. Nxe5 Bxe2 16. Qxe2 Qxe5 17. Qf3 Rfd8 18. Rad1 Qe8 19. b3 Qb5 20. c4 Qb4
21. Rd3 Qa3 22. Qe2 Re8 23. Qd2 Ba5 24. Qc2 Bb4 25. Rfd1 Rad8 26. Bc1 Qa6 27.
Bd2 Re2 28. Re3 Rxe3 29. Bxe3 Qf6 30. Bd4 Qg5 31. Qe4 b6 32. Qe5 Qxe5 33. Bxe5
Bd6 34. Bxd6 Rxd6 35. Kf1 Kf8 36. Ke2 Ke7 37. Ke3 f5 38. Kd4 c5+ 39. Ke5 Rg6
40. g3 Rf6 41. h4 h5 42. a4 a6 43. Kf4 g6 44. Re1+ Kf7 45. Ke5 Ke7 46. Kf4+ Kf7
47. Re5 a5 48. Kg5 Rd6 49. Re6 Rxe6 50. dxe6+ Kxe6 51. Kxg6 1-0

[Event "Mechanics' Summer TNM; G/2 d5"]
[Site "San Francisco"]
[Date "2017.06.06"]
[Round "3.6"]
[White "Kuczek, Kevin W"]
[Black "Walder, Michael S"]
[Result "0-1"]
[WhiteElo "1789"]
[BlackElo "2141"]
[PlyCount "90"]
[EventDate "2017.??.??"]

1. e4 Nf6 2. Nc3 d5 3. exd5 Nxd5 4. Bc4 Nb6 5. Bb3 Bf5 6. Nf3 e6 7. O-O Be7 8.
d3 O-O 9. Be3 N8d7 10. a3 Nf6 11. Bf4 Nbd5 12. Nxd5 Nxd5 13. Bg3 c6 14. Qe2 Qb6
15. Ne5 Rad8 16. Rfe1 a5 17. Nc4 Qc5 18. Be5 a4 19. Ba2 b5 20. d4 Qa7 21. Ne3
Nxe3 22. fxe3 Bd6 23. Bxd6 Rxd6 24. c3 Rfd8 25. e4 Bg6 26. e5 R6d7 27. h4 h6
28. h5 Bh7 29. Qe3 c5 30. d5 exd5 31. e6 fxe6 32. Qxe6+ Kh8 33. Re5 Rd6 34. Qg4
Qd7 35. Qe2 c4 36. Re7 Qc8 37. Rf1 Qc5+ 38. Kh1 d4 39. Rff7 d3 40. Rxg7 Bf5 41.
Qg4 Qe5 42. Rh7+ Bxh7 43. Rxe5 d2 44. Qg3 d1=Q+ 45. Re1 Qxh5+ 0-1

[Event "Mechanics' Winter TNM; G/2"]
[Site "San Francisco"]
[Date "2017.02.14"]
[Round "7.16"]
[White "Kulkarni, Sukhada"]
[Black "Babayan, Gagik"]
[Result "1/2-1/2"]
[WhiteElo "1763"]
[BlackElo "1850"]
[PlyCount "50"]
[EventDate "2017.??.??"]

1. e4 c6 2. d4 d5 3. exd5 cxd5 4. c4 Nf6 5. Nf3 Bg4 6. Nbd2 e6 7. Qa4+ Qd7 8.
Qb3 Bxf3 9. Nxf3 Be7 10. Ne5 Qc7 11. Qa4+ Nc6 12. cxd5 Nxd5 13. Bb5 Bb4+ 14.
Kf1 Rc8 15. Qxa7 O-O 16. Nxc6 bxc6 17. Qxc7 Rxc7 18. Bc4 Nb6 19. Bb3 Rd8 20.
Bg5 Be7 21. Be3 Bd6 22. Rd1 Rcd7 23. Rc1 Rc8 24. Rd1 Rcd8 25. Rc1 Rc8 1/2-1/2

[Event "Mechanics' Winter TNM; G/2"]
[Site "San Francisco"]
[Date "2017.01.17"]
[Round "3.30"]
[White "Kulkarni, Sukhada"]
[Black "Marrus, Matthew"]
[Result "1-0"]
[WhiteElo "1763"]
[BlackElo "1264"]
[Annotator "Donaldson"]
[PlyCount "61"]
[EventDate "2017.??.??"]

1. e4 e5 2. Nf3 Nc6 3. Bc4 Nf6 4. d3 Bc5 5. Nc3 Na5 $2 6. Nxe5 d6 7. Nf3 Nxc4
8. dxc4 Bg4 9. Qd3 O-O 10. O-O Re8 11. Bg5 Be6 12. Nd5 Bxd5 13. cxd5 h6 14. Bh4
(14. Bxf6 Qxf6 15. c3 {would have left White a healthy pawn up.}) 14... g5 15.
Bg3 (15. Nxg5 {doesn't work. For example} hxg5 16. Bxg5 Qe7 17. Kh1 Qe5 18. f4
Qxb2 19. e5 Ng4) 15... Nxe4 16. Kh1 f5 17. Rae1 Nxg3+ (17... Qe7 {leaving the
knight on e4 to keep the threat of ...f4 in reserve made more sense.}) 18. hxg3
g4 $1 19. Nh4 Rxe1 20. Rxe1 Qf6 21. Nxf5 (21. Re6 {was also strong.}) 21... Rf8
{Diagram [#]} 22. Nh4 (22. Ne7+ $1 Kh8 23. Re6 {wins}) 22... Kg7 $2 (22... Qg5)
23. c3 (23. Re6 $1) 23... Qg5 24. b4 $2 (24. f4 gxf3 25. Nxf3 Qxg3 26. Re7+ Rf7
27. Rxf7+ Kxf7 28. Qf5+ Kg8 29. Qc8+) 24... Bb6 (24... Bxf2) 25. c4 Rxf2 26. c5
$1 dxc5 27. bxc5 Bxc5 28. Qc3+ Qf6 29. Qxc5 Kg8 30. Re8+ Kf7 31. Qf8# 1-0

[Event "Mechanics' Fall TNM; G/2 d5"]
[Site "San Francisco"]
[Date "2017.10.31"]
[Round "2.13"]
[White "Lee, Grant"]
[Black "Chalissery, Jossy"]
[Result "1-0"]
[WhiteElo "1991"]
[BlackElo "1704"]
[PlyCount "87"]
[EventDate "2017.??.??"]

1. Nf3 b6 2. g3 Bb7 3. Bg2 Nf6 4. O-O e6 5. d4 d5 6. Nbd2 Nbd7 7. c4 Be7 8. b3
O-O 9. Bb2 c6 10. Ne5 Nxe5 11. dxe5 Nd7 12. e4 dxe4 13. Nxe4 Qc7 14. Qh5 f5 15.
exf6 Nxf6 16. Qe2 e5 17. Ng5 Bc8 18. Bxe5 Bd6 19. Bxd6 Qxd6 20. Rad1 Qc7 21.
Rfe1 Bd7 22. Ne6 Bxe6 23. Qxe6+ Kh8 24. Bxc6 Rac8 25. Bb5 Qb7 26. Qe2 a6 27.
Ba4 b5 28. cxb5 axb5 29. Bxb5 Nd5 30. Ba6 Qf7 31. Bc4 Rxc4 32. bxc4 Nc3 33. Qc2
Nxd1 34. Rxd1 Rc8 35. c5 h6 36. c6 Qf6 37. a4 Qe7 38. Rc1 Qa3 39. Qc4 Qb2 40.
a5 Rf8 41. Rc2 Qb1+ 42. Kg2 Qb8 43. c7 Qb7+ 44. Qc6 1-0

[Event "Mechanics' Fall TNM; G/2 d5"]
[Site "San Francisco"]
[Date "2017.11.14"]
[Round "4.15"]
[White "Lee, Grant"]
[Black "Crofts, Jacob"]
[Result "1-0"]
[WhiteElo "1991"]
[BlackElo "1714"]
[PlyCount "41"]
[EventDate "2017.??.??"]

1. Nf3 d5 2. g3 c5 3. Bg2 Nc6 4. d4 e6 5. O-O Nf6 6. c4 dxc4 7. Ne5 Nxe5 8.
dxe5 Nd5 9. Na3 c3 10. bxc3 Nxc3 11. Qc2 Qa5 12. Nc4 Qb4 13. Qd3 Nd5 14. Bd2
Qa4 15. Rfd1 Qd7 16. Rab1 Rb8 17. Qa3 b5 18. e4 Nb6 19. Nxb6 axb6 20. Bg5 b4
21. Rxd7 1-0

[Event "Mechanics' Spring TNM; G/2"]
[Site "San Francisco"]
[Date "2017.03.21"]
[Round "2.14"]
[White "Lesquillier, Walter"]
[Black "Askin, Michael"]
[Result "1/2-1/2"]
[WhiteElo "1720"]
[BlackElo "2050"]
[PlyCount "52"]
[EventDate "2017.??.??"]

1. e4 c5 2. Be2 Nc6 3. Nf3 d6 4. d4 cxd4 5. Nxd4 Nf6 6. Nc3 a6 7. O-O Bd7 8.
Be3 e6 9. Qd2 Be7 10. f4 Qc7 11. Kh1 O-O 12. Rad1 Rfd8 13. Nb3 Rac8 14. g4 Na5
15. g5 Ne8 16. Nxa5 Qxa5 17. Nd5 Qxd2 18. Nxe7+ Kf8 19. Rxd2 Kxe7 20. Bb6 Nc7
21. Rfd1 Bc6 22. Bf3 d5 23. Bxc7 Rxc7 24. exd5 Bxd5 25. Bxd5 Rxd5 26. Rxd5 exd5
1/2-1/2

[Event "Mechanics' Winter TNM; G/2"]
[Site "San Francisco"]
[Date "2017.02.14"]
[Round "7.25"]
[White "Lesquillier, Walter"]
[Black "Crofts, Jacob"]
[Result "1-0"]
[WhiteElo "1693"]
[BlackElo "1407"]
[Annotator "Donaldson"]
[PlyCount "105"]
[EventDate "2017.??.??"]

1. g3 d5 2. Nf3 Nf6 3. Bg2 c5 4. O-O Nc6 5. d3 e6 6. Nbd2 Be7 7. Re1 O-O 8. e4
dxe4 9. dxe4 e5 10. c3 Bg4 11. Qc2 Qc7 12. Nf1 Rad8 13. Bg5 Rd7 14. Ne3 Be6 15.
Bf1 h6 16. Bxf6 Bxf6 17. b3 Rfd8 18. Red1 Qc8 19. Rxd7 Rxd7 20. Rd1 Qd8 21.
Rxd7 Qxd7 22. Qd3 Qxd3 23. Bxd3 Ne7 24. Bc4 Bxc4 25. Nxc4 Nc6 26. Nd6 b6 27. h4
Be7 28. Nf5 f6 29. a4 Bf8 30. Nd2 Kf7 31. Nc4 Ke6 32. h5 Ne7 33. Nfe3 Nc6 34.
f4 Kf7 35. Kf2 Ke6 36. Kf3 Kd7 37. Kg4 Ke6 38. Nd5 Bd6 39. Nxd6 Kxd6 40. Kf5
exf4 41. gxf4 Ne7+ 42. Nxe7 Kxe7 43. Kg6 Kf8 44. e5 fxe5 45. fxe5 Kg8 {
Diagram [#]} 46. c4 $2 (46. e6 Kf8 47. Kf5 Ke8 48. Ke5 Ke7 49. Kd5 {wins.})
46... Kf8 47. a5 (47. e6 Ke7 48. Kxg7 Kxe6 49. Kxh6 Kf6 50. Kh7 Kf7 51. h6 a5
$11) 47... Kg8 $4 (47... bxa5 48. e6 Ke7 49. Kxg7 Kxe6 50. Kxh6 Kf6 51. Kh7 Kf7
52. h6 a6 $11) 48. a6 Kf8 49. e6 Ke7 50. Kxg7 Kxe6 51. Kxh6 Kf6 52. Kh7 Kf7 53.
h6 {Black has no tempo moves.} 1-0

[Event "Mechanics' Spring TNM; G/2"]
[Site "San Francisco"]
[Date "2017.04.04"]
[Round "4.28"]
[White "Lesquillier, Walter"]
[Black "Nassif, Wassim"]
[Result "0-1"]
[WhiteElo "1720"]
[BlackElo "1135"]
[PlyCount "50"]
[EventDate "2017.??.??"]

1. e4 e5 2. f4 d6 3. Nf3 Nc6 4. Bb5 Bd7 5. O-O a6 6. Bxc6 Bxc6 7. Nc3 Nf6 8.
Re1 Qd7 9. d4 exd4 10. Qxd4 O-O-O 11. Be3 b6 12. Rad1 Re8 13. Qd3 Nxe4 14. Ne5
dxe5 15. Qxa6+ Bb7 16. Qxb7+ Kxb7 17. Rxd7 Nxc3 18. bxc3 exf4 19. Bf2 Rxe1+ 20.
Bxe1 Bc5+ 21. Kf1 Rf8 22. c4 Bd6 23. Bh4 Kc6 24. Rd8 Rxd8 25. Bxd8 f6 0-1

[Event "Mechanics' Spring TNM; G/2"]
[Site "San Francisco"]
[Date "2017.04.18"]
[Round "6.21"]
[White "Lesquillier, Walter"]
[Black "Royzen, Igor"]
[Result "0-1"]
[WhiteElo "1720"]
[BlackElo "1830"]
[PlyCount "70"]
[EventDate "2017.??.??"]

1. e4 c6 2. d4 d5 3. Nd2 dxe4 4. Nxe4 Bf5 5. Ng3 Bg6 6. Nf3 Nd7 7. Bc4 e6 8.
O-O Ngf6 9. Bg5 Be7 10. Qd2 O-O 11. Rfe1 Nd5 12. Bxe7 Qxe7 13. c3 b5 14. Bd3
Bxd3 15. Qxd3 a6 16. Qd2 c5 17. Ne5 Nxe5 18. Rxe5 cxd4 19. Qxd4 Rad8 20. Ree1
Nf6 21. Qe3 Rd5 22. Rad1 Rfd8 23. Rd4 Qc5 24. Red1 Rxd4 25. Rxd4 Rxd4 26. Qxd4
Qxd4 27. cxd4 Kf8 28. Kf1 Ke7 29. f3 Kd6 30. Ne2 Kd5 31. Ke1 Kc4 32. Kd2 Nd5
33. b3+ Kb4 34. g3 Ka3 35. Nc1 Nb4 0-1

[Event "Mechanics' Winter TNM; G/2"]
[Site "San Francisco"]
[Date "2017.01.31"]
[Round "5.13"]
[White "Lesquillier, Walter"]
[Black "Uzzaman, Ashik"]
[Result "0-1"]
[WhiteElo "1693"]
[BlackElo "1974"]
[PlyCount "62"]
[EventDate "2017.??.??"]

1. e4 c5 2. Ne2 d6 3. g3 Nf6 4. Bg2 Nc6 5. O-O e5 6. c3 Bg4 7. d3 Be7 8. Bg5 h6
9. Be3 Rc8 10. c4 O-O 11. Nbc3 Nd4 12. f3 Be6 13. Qd2 Qd7 14. f4 Bh3 15. f5
Bxg2 16. Kxg2 Ng4 17. Nd5 Nxe3+ 18. Nxe3 Bg5 19. Rfc1 g6 20. h4 Bxe3 21. Qxe3
Nxe2 22. Qxe2 gxf5 23. Qh5 fxe4 24. dxe4 Qe6 25. Rf1 Qg6 26. Qf3 Rc7 27. Rad1
Re7 28. Kh2 Re6 29. g4 Kg7 30. g5 hxg5 31. Qf5 Rh8 0-1

[Event "Mechanics' Spring TNM; G/2"]
[Site "San Francisco"]
[Date "2017.05.02"]
[Round "8.20"]
[White "Lesquillier, Walter"]
[Black "Wonsever, James"]
[Result "1/2-1/2"]
[WhiteElo "1720"]
[BlackElo "1827"]
[Annotator "Donaldson"]
[PlyCount "74"]
[EventDate "2017.??.??"]

1. d4 d5 2. c4 c6 3. Nc3 Nf6 4. cxd5 cxd5 5. e3 e6 6. Nf3 Nc6 7. Bd3 Bd6 8. O-O
O-O 9. e4 dxe4 10. Nxe4 Nxe4 11. Bxe4 h6 12. Bxc6 bxc6 13. Qc2 Ba6 14. Rd1 Rc8
15. Be3 Qe7 16. Rac1 Bb7 17. Nd2 f5 18. f4 g5 19. Rf1 Qg7 20. Nb3 Ba6 21. Rf2
Rf7 22. Rd1 Rfc7 (22... Rd7) 23. Nc5 $1 $16 Bxc5 24. dxc5 gxf4 25. Rxf4 Rd7 26.
Rxd7 Qxd7 27. Rd4 Qf7 28. Qd2 e5 29. Rd7 Qc4 30. Qf2 (30. h3) 30... f4 31. h3 (
31. Qf3) 31... Qe2 32. Bd2 Qh5 {Diagram [#]} 33. Bc3 (33. Bxf4 $1 exf4 34. Qc2)
33... Bc4 34. Qd2 Re8 35. Qd6 Re6 36. Qb8+ (36. Qc7 $1) 36... Re8 37. Qd6 (37.
Qc7 $1) 37... Re6 1/2-1/2

[Event "Mechanics' Peter Grey TNM; G/2 d5"]
[Site "San Francisco"]
[Date "2017.08.08"]
[Round "1.4"]
[White "Liang, Ting"]
[Black "Diaz, Conrado"]
[Result "0-1"]
[WhiteElo "1559"]
[BlackElo "2293"]
[Annotator "Donaldson"]
[PlyCount "38"]
[EventDate "2017.??.??"]

1. c4 e5 2. Nc3 f5 3. g3 (3. d4 $1) 3... Nf6 4. Bg2 c6 5. d3 d6 6. a3 g6 7. f4
Bg7 8. e4 fxe4 9. Nxe4 Nxe4 10. Bxe4 exf4 11. Qe2 O-O 12. Bxf4 d5 13. O-O-O
dxe4 14. dxe4 Qb6 15. e5 Bf5 16. g4 Be6 17. Rd6 Rxf4 18. Rxe6 Rf2 19. Re8+ Kf7
0-1

[Event "Mechanics' Peter Grey TNM; G/2 d5"]
[Site "San Francisco"]
[Date "2017.09.19"]
[Round "7.25"]
[White "Liang, Ting"]
[Black "Giridharan, Durgashankar"]
[Result "1-0"]
[WhiteElo "1559"]
[BlackElo "1469"]
[PlyCount "85"]
[EventDate "2017.??.??"]

1. c4 e5 2. Nc3 Nc6 3. g3 f5 4. Bg2 Bb4 5. a3 Bxc3 6. bxc3 Nf6 7. d3 O-O 8. Nf3
e4 9. Nd4 d5 10. cxd5 Nxd4 11. cxd4 exd3 12. Qxd3 Nxd5 13. O-O f4 14. Qc4 Be6
15. e4 fxe3 16. fxe3 Nf4 17. Qb5 c6 18. Qe5 Rf5 19. Qxe6+ Nxe6 20. Rxf5 Nxd4
21. Bd5+ cxd5 22. exd4 Qa5 23. Bb2 Qd2 24. Rf2 Qe3 25. Kg2 Rc8 26. Raf1 h5 27.
Rf3 Rc2+ 28. R3f2 Re2 29. Rxe2 Qxe2+ 30. Rf2 Qe3 31. Rf3 Qe4 32. Bc3 g5 33. Kf2
Qc2+ 34. Kg1 g4 35. Re3 Qc1+ 36. Kf2 Qc2+ 37. Kg1 Kf7 38. Bb4 Qd1+ 39. Kg2 Qxd4
40. Re7+ Kg6 41. Rxb7 Kf6 42. Rc7 a5 $4 43. Bc3 1-0